000 00317nam a22001217a 4500
008 160520b xxu||||| |||| 00| 0 eng d
020 _a9780803607910
020 _a0803607911
041 _aeng
080 _a611
245 _aEvaluation of orthopedic and athletic injuries:
_cChad Starkey; Jeff Ryan;
942 _2udc
_cBK
999 _c2331
_d2331